[Event "Biel-B"]
[Site "Biel"]
[Date "1988.??.??"]
[Round "4"]
[White "Gobet, Fernand"]
[Black "Franzoni, Giancarlo"]
[Result "1/2-1/2"]
[WhiteElo "2405"]
[BlackElo "2435"]
[PlyCount "91"]
[EventDate "1988.07.??"]
[EventType "tourn"]
[EventRounds "11"]
[EventCountry "SUI"]
[EventCategory "8"]
[SourceTitle "EXT 1997"]
[Source "ChessBase"]
[SourceDate "1996.11.15"]
[SourceVersion "1"]
[SourceVersionDate "1996.11.15"]
[SourceQuality "1"]

1. e4 c5 2. Nf3 e6 3. d4 cxd4 4. Nxd4 Nc6 5. Nc3 Qc7 6. Be2 a6 7. 0-0 Nf6 8. Be3 Bb4 9. Na4 Be7 10. Nxc6 bxc6 11. Nb6 Rb8 12. Nxc8 Qxc8 13. e5 Nd5 14. Bc1 Bc5 15. Qd3 0-0 16. Qg3 Kh8 17. c3 a5 18. a3 Qc7 19. b4 axb4 20. axb4 Be7 21. Bd2 f6 22. exf6 Qxg3 23. hxg3 Bxf6 24. Rfc1 Rb7 25. g4 h6 26. g3 g5 27. Kg2 Be5 28. Ra4 Kg7 29. c4 Bd4 30. Bf3 Nb6 31. Ra2 d5 32. cxd5 cxd5 33. Be1 Rbf7 34. Bd1 Nc4 35. Re2 Ne5 36. Rd2 Bb6 37. Ra1 Nc4 38. Re2 Bd4 39. Ra6 e5 40. Bb3 Rf6 41. Rxf6 Rxf6 42. Ra2 Nb2 43. Bxd5 Nd3 44. Kf1 Nxe1 45. Kxe1 Bc3+ 46. Ke2 1/2-1/2

[Event "Biel-B"]
[Site "Biel"]
[Date "1988.??.??"]
[Round "10"]
[White "Gobet, Fernand"]
[Black "Gaprindashvili, Nona"]
[Result "0-1"]
[WhiteElo "2405"]
[BlackElo "2455"]
[PlyCount "72"]
[EventDate "1988.07.??"]
[EventType "tourn"]
[EventRounds "11"]
[EventCountry "SUI"]
[EventCategory "8"]
[SourceTitle "EXT 1997"]
[Source "ChessBase"]
[SourceDate "1996.11.15"]
[SourceVersion "1"]
[SourceVersionDate "1996.11.15"]
[SourceQuality "1"]

1. e4 g6 2. d4 c6 3. Nc3 d5 4. e5 h5 5. Nf3 Nh6 6. Bd3 Na6 7. 0-0 Nc7 8. Re1 Bf5 9. Bf1 Bg4 10. h3 Bxf3 11. Qxf3 Nf5 12. Ne2 e6 13. a4 Be7 14. b3 Kd7 15. c4 g5 16. Qd3 Bb4 17. Rd1 Qe7 18. a5 f6 19. a6 fxe5 20. axb7 Rab8 21. cxd5 cxd5 22. Rxa7 e4 23. Qc2 Nb5 24. Qa2 Nxa7 25. Qxa7 Bd6 26. Nc3 Ke8 27. Qa4+ Kf7 28. Ba6 Rxb7 29. Bxb7 Qxb7 30. Qa2 g4 31. hxg4 hxg4 32. g3 Kf6 33. Ne2 Qh7 34. Kf1 Qh1+ 35. Ng1 Rh2 36. Ke2 Rxf2+ 0-1

[Event "Zuerich op 12th"]
[Site "Zuerich"]
[Date "1988.??.??"]
[Round "3"]
[White "Gobet, Fernand"]
[Black "Georges, Sascha"]
[Result "1/2-1/2"]
[WhiteElo "2405"]
[BlackElo "2240"]
[PlyCount "121"]
[EventDate "1988.12.26"]
[EventType "swiss"]
[EventRounds "7"]
[EventCountry "SUI"]
[SourceTitle "EXT 1997"]
[Source "ChessBase"]
[SourceDate "1996.11.15"]
[SourceVersion "1"]
[SourceVersionDate "1996.11.15"]
[SourceQuality "1"]

1. e4 c5 2. Nf3 Nc6 3. Nc3 d6 4. d4 cxd4 5. Nxd4 Nf6 6. Bc4 e6 7. Be3 a6 8. Qe2 Qc7 9. 0-0-0 Na5 10. Bd3 b5 11. Bg5 Be7 12. f4 b4 13. Nb1 e5 14. Nf5 Bxf5 15. exf5 b3 16. Nc3 bxa2 17. Nxa2 Nb3+ 18. Kb1 Nd4 19. Qd2 0-0 20. g4 exf4 21. Bxf4 Rfb8 22. g5 Qb6 23. c3 Nf3 24. Qc2 Nd5 25. f6 Nxf4 26. Bxh7+ Kh8 27. Be4 Nxg5 28. Bxa8 Bxf6 29. h4 Ngh3 30. Bf3 Nf2 31. Rhf1 Nxd1 32. Bxd1 Nd5 33. Rf5 Ne3 34. Rh5+ Kg8 35. Qh7+ Kf8 36. Nb4 a5 37. Qh8+ Ke7 38. Qxb8 Qxb8 39. Nc6+ Ke6 40. Nxb8 Nxd1 41. Rxa5 Bxh4 42. Kc2 Ne3+ 43. Kd3 Bd8 44. Ra1 Nd5 45. Re1+ Kf5 46. Nc6 Nf4+ 47. Kc4 d5+ 48. Kb5 Bf6 49. Ne7+ Kg4 50. Kc6 d4 51. Ng8 dxc3 52. Nxf6+ gxf6 53. bxc3 f5 54. Rg1+ Kf3 55. c4 Ne6 56. Kd6 f4 57. Ra1 Ke2 58. Ra7 Ng5 59. Ra2+ Ke3 60. Kd5 f3 61. Ra3+ 1/2-1/2

[Event "Biel-B"]
[Site "Biel"]
[Date "1988.??.??"]
[Round "3"]
[White "Gobet, Fernand"]
[Black "Gerber, Richard"]
[Result "1-0"]
[WhiteElo "2405"]
[BlackElo "2370"]
[PlyCount "133"]
[EventDate "1988.07.??"]
[EventType "tourn"]
[EventRounds "11"]
[EventCountry "SUI"]
[EventCategory "8"]
[SourceTitle "EXT 1997"]
[Source "ChessBase"]
[SourceDate "1996.11.15"]
[SourceVersion "1"]
[SourceVersionDate "1996.11.15"]
[SourceQuality "1"]

1. e4 c5 2. Nf3 d6 3. d4 cxd4 4. Qxd4 Nc6 5. Bb5 Bd7 6. Qd3 Nf6 7. Nc3 Rc8 8. 0-0 e6 9. Bf4 a6 10. Bxc6 Bxc6 11. Rad1 Be7 12. Rfe1 d5 13. Ne5 dxe4 14. Qg3 Qa5 15. Qxg7 Rf8 16. Bg3 Rd8 17. Rxd8+ Qxd8 18. Rd1 Qa5 19. Nxc6 bxc6 20. Qh6 Qf5 21. Qe3 Nd5 22. Qa7 f6 23. Qxa6 Nb4 24. Qc4 e3 25. fxe3 Nxc2 26. Qxc6+ Kf7 27. e4 Qg5 28. e5 f5 29. Nd5 Ne3 30. Nxe3 Qxe3+ 31. Kh1 Qe2 32. Qf3 Qxb2 33. Qh5+ Kg8 34. a4 Qa2 35. Qh6 Rf7 36. Rc1 Bf8 37. Qg5+ Rg7 38. Qf4 Qd5 39. Qh4 Qd2 40. Re1 Be7 41. Qc4 Rxg3 42. Qxe6+ Kh8 43. hxg3 Qxe1+ 44. Kh2 Qb4 45. a5 Bc5 46. Qf6+ Kg8 47. Qg5+ Kh8 48. Qd8+ Kg7 49. Qd7+ Kg6 50. Qc6+ Kg7 51. Qf6+ Kg8 52. Qd8+ Kg7 53. e6 Qg4 54. Qc7+ Kh6 55. Qxc5 Qh5+ 56. Kg1 Qd1+ 57. Kf2 Qd2+ 58. Kf3 Kg6 59. Qe5 Qd1+ 60. Kf2 Qd2+ 61. Kf1 Qd3+ 62. Qe2 Qxg3 63. Qe1 Qh2 64. e7 Qh1+ 65. Kf2 Qh4+ 66. g3 Qh2+ 67. Kf3 1-0

[Event "Bern"]
[Site "Bern"]
[Date "1988.??.??"]
[Round "?"]
[White "Gobet, Fernand"]
[Black "Kudrin, Sergey"]
[Result "1/2-1/2"]
[WhiteElo "2350"]
[BlackElo "2555"]
[PlyCount "53"]
[EventDate "1988.02.??"]
[EventType "tourn"]
[EventRounds "11"]
[EventCountry "SUI"]
[EventCategory "8"]
[SourceTitle "CBM 008"]
[Source "ChessBase"]
[SourceDate "1989.02.01"]
[SourceVersion "1"]
[SourceVersionDate "1989.02.01"]
[SourceQuality "1"]

1. e4 c5 2. Nf3 d6 3. d4 cxd4 4. Nxd4 Nf6 5. Nc3 g6 6. Be3 Bg7 7. f3 Nc6 8. Qd2 0-0 9. Bc4 Bd7 10. 0-0-0 Rc8 11. Bb3 Ne5 12. h4 h5 13. Bh6 Bxh6 14. Qxh6 Rxc3 15. bxc3 Qc7 16. Kb1 Rc8 17. g4 a5 18. gxh5 a4 19. Bd5 Nxd5 20. exd5 Qxc3 21. hxg6 Qb4+ 22. Kc1 fxg6 23. Rhg1 Bf5 24. Nxf5 Qa3+ 25. Kb1 Qb4+ 26. Kc1 Qa3+ 27. Kb1 1/2-1/2

[Event "SUI-ch"]
[Site "Switzerland"]
[Date "1988.??.??"]
[Round "?"]
[White "Gobet, Fernand"]
[Black "Nemet, Ivan"]
[Result "0-1"]
[WhiteElo "2405"]
[BlackElo "2425"]
[PlyCount "84"]
[EventDate "1988.??.??"]
[EventType "tourn"]
[EventRounds "11"]
[EventCountry "SUI"]
[EventCategory "5"]
[SourceTitle "CBM 010"]
[Source "ChessBase"]
[SourceDate "1989.06.01"]
[SourceVersion "1"]
[SourceVersionDate "1989.06.01"]
[SourceQuality "1"]

1. e4 e5 2. Nf3 Nc6 3. d4 exd4 4. Nxd4 Nxd4 5. Qxd4 d6 6. Nc3 Nf6 7. Bg5 Be7 8. 0-0-0 Be6 9. f4 h6 10. Bh4 0-0 11. f5 Bd7 12. g4 c5 13. Qd3 Bc6 14. Bxf6 Bxf6 15. Nd5 Re8 16. Kb1 Bxd5 17. Qxd5 Qb6 18. Qb3 Rxe4 19. Qxb6 axb6 20. h3 Be5 21. Bg2 Rb4 22. b3 Rb5 23. c4 Rxa2 24. Kxa2 Ra5+ 25. Kb1 Ra1+ 26. Kc2 Ra2+ 27. Kd3 Rxg2 28. Ke4 Ra2 29. Rd5 f6 30. Rhd1 Re2+ 31. Kf3 Rh2 32. R1d3 Rxh3+ 33. Ke4 Rh4 34. Rxe5 dxe5 35. Rd8+ Kh7 36. Kd5 Rxg4 37. Ke6 Rd4 38. Rb8 e4 39. Kf7 Rd7+ 40. Kf8 h5 41. Re8 Rd4 42. Re7 Kh6 0-1